| 000 | 01017nam a22003014i 4500 | ||
|---|---|---|---|
| 001 | 991061187537406706 | ||
| 003 | ES-BaIT | ||
| 005 | 20260226084127.0 | ||
| 008 | 241022s2023 sp a|||| |||| 000 0 spa|c | ||
| 017 |
_aDL SG-202-2023 _bOficina DL Segovia |
||
| 020 | _a9788418782411 | ||
| 040 |
_aES-BaMCB _bcat _erda _cES-BaMCB |
||
| 080 | _a069(460.27Mad)(MNAD) | ||
| 100 |
_aLarios Ruiz, Darshan Shaday _eartista _9145774 |
||
| 245 | 1 | 0 |
_aArchivo de la delicadeza / _cShaday Larios |
| 250 | _aPrimera edición: noviembre de 2023 | ||
| 264 | 1 |
_aSegovia : _bLa uÑa RoTa, _c[2023] |
|
| 264 | 4 | _c©2023 | |
| 300 |
_a94 pàgines : _bil·lustracions ; _c16 cm |
||
| 336 |
_atext _btxt _2rdacontent |
||
| 337 |
_asense mediació _bn _2rdamedia |
||
| 338 |
_avolum _bnc _2rdacarrier |
||
| 610 | 2 | 0 |
_aMuseo Nacional de Artes Decorativas (Espanya) _2lemac _9168710 |
| 710 | 2 |
_aMuseo Nacional de Artes Decorativas (Espanya) _einstitució d'acollida _9168710 |
|
| 908 |
_aMACBA _aDHUB |
||
| 940 | _aMACBA | ||
| 942 |
_2udc _c1 |
||
| 999 |
_c137147 _d137147 |
||